00585nam a2200169 a 450000100100000000500170001000800410002704000250006808200150009310000290010824500690013726000420020630000280024804900090027695201130028599900170039800002690120200930030459.0110328s1985 dr a 000 0 spa d aDO-SdBNPbspacBNPHU axxxbP349f1 aFlores Peña, M.95400610aFarmacología general del sistema nervioso /cM. Flores Peña. aSanto Domingo :bAlfa y omega,c1985. a142 p. :bil. ;c32 cm. aBNPD 0010718PDaPDbPDcCTd2011-03-28iLF1l0oxxx P349fp26901-10r2020-06-25w2020-06-25yLFPDZNo se presta c26393d26393